000 nam a22 a 4500
999 _c3389
_d3389
005 20170522130758.0
008 170522s1985 xxuak | 001 | eng d
020 _a053810970X
040 _aAKMAL
082 _a658.403'88 HET
090 _a658.403'88
_bHET
100 _aHetzel, William.
_96851
245 _aComputer information systems development
_b principles and case study /
_cWilliam Hetzel, David R. Adams.
260 _aCincinnati
_bSouth-Western Pub. Co.
_c1985.
300 _ccm
650 _aInformation storage and retrieval systems.
_96852
700 _aAdams, David R.
_96853
942 _2ddc
_cBOOK